Estalactitas (poemas)
Guardado en:
| Autor principal: | |
|---|---|
| Formato: | Libro |
| Lenguaje: | Undetermined |
| Publicado: |
San José, Costa Rica
Imprenta Alvarado
1982
|
| Materias: | |
| Etiquetas: |
Agregar Etiqueta
Sin Etiquetas, Sea el primero en etiquetar este registro!
|
MARC
| LEADER | 00000nam a2200000Ia 4500 | ||
|---|---|---|---|
| 008 | 170316s9999 xx 000 0 und d | ||
| 040 | |a cru BVZT | ||
| 090 | |a 868 B-11e | ||
| 100 | |a Bolaños Castro, Ligia |9 429 | ||
| 245 | |a Estalactitas (poemas) |c / Ligia Bolaños Castro | ||
| 260 | |a San José, Costa Rica |b Imprenta Alvarado |c 1982 | ||
| 300 | |a 20 páginas | ||
| 650 | |a LITERATURA COSTARRICENSE |9 17 | ||
| 650 | |a POEMAS |9 404 | ||
| 999 | |c 10740 |d 10740 | ||
| 942 | |c 4 D |h 868 B-11e |2 z | ||
